000
00296nam a22001217a 4500
008
170426b xxu||||| |||| 00| 0 eng d
041
_a
eng
080
_2
4 ED
_a
54
100
_a
12
101
_a
SHM
245
_a
QUALITATIVE ANALYSIS AND CHEMICAL EQUILIBRIUM
_c
HOGNESS.T.R
942
_2
udc
_c
BK
999
_c
12178
_d
12178